{"text_format":"3","workbook":"xlsx","n_sheets":1,"sheets":["（采购明细）"],"read":"whole","date_system":"1900"}

{"sheet":"（采购明细）","index":0,"n_rows":24,"n_cols":7,"rows_kept":24,"merged":[[0,0,0,6],[21,0,21,5],[22,0,22,6],[23,0,23,6]]}
["2024-2025学年第一学期第二批次计算机工程系耗材明细表"]
["序号","耗材品名","型号规格","单位","数量","参考单价","单项控制价"]
[1,"电源线","安普百盛纯铜0.5mm红黑线100m","捆",30,36,{"$f":"E3*F3","v":1080}]
[2,"电源线","0.3mm黄线100m","捆",10,35,350]
[3,"电源线","0.3mm蓝线100m","捆",10,35,350]
[4,"录音采集","科大讯飞B1","个",1,300,300]
[5,"无线路由器","TP-LINK双千兆路由1900M 5G双频 AC1900","台",2,170,340]
[6,"降噪耳机","漫步者HECATE G2","个",9,180,1620]
[7,"麦克风","MOMA LARK 150 2发一收",1,1,1580,1580]
[8,"耳机","redmi buds5","个",2,180,360]
[9,"U盘","闪迪64G","个",20,35,700]
[10,"数位板","WACOM CTL-6100WL","个",3,1200,3600]
[11,"电源适配器","SONY原装 AC-L100C电源","个",2,120,240]
[12,"电源","FSP280-40PA","个",8,50,400]
[13,"水晶头","飞利浦超五类rj45/100个","盒",22,55,1210]
[14,"网线","飞利浦超5类网线305m/箱","箱",2,520,1040]
[15,"硬盘","Sandisk E30 480G","个 ",3,400,1200]
[16,"网线钳","得力DL381068","把",10,30,300]
[17,"USB摄像","海康威视DS-E14S","个",1,130,130]
[18,"收音麦","BOYA博雅V4一拖四无线麦克风type-c版","套",1,800,{"$f":"E20*F20","v":800}]
[19,"胶带","黑黄警示胶带48mm*33米（16卷）","包",2,100,{"$f":"E21*F21","v":200}]
["总控制价（元）",{"$nulls":5},{"$f":"SUM(G3:G21)","v":15800}]
[]
["注：报价单可将金额删除后重新填写，原则上报价不得超过单项控制价及总控制价"]